000 00671nam a2200241 a 4500
008
020 _a1855541513 (pbk.)
049 _aMAIN
090 _aQA76
_bBAS
245 _aBasic computing principles /
_cedited by Brian West
250 _a2nd ed.
260 _aEngland :
_bNCC Blackwell,
_c1991
300 _a241 p. :
_bill. ;
_c25cm.
504 _aIncludes bibliographical references.
500 _aIncludes index.
650 _aComputer systems overview.
650 _aComputers.
907 _a.b10093485
_b01-12-10
_c20-11-03
003
005 20230123133455.0
040 _cNUST
942 _cBOOKS
_kQA76
_mBAS
999 _c149192
_d149192